| 000 | 00658nam a22002297a 4500 | ||
|---|---|---|---|
| 001 | 2122 | ||
| 005 | 20240110104804.0 | ||
| 040 |
_aFISKH _beng _cFISKH _dFISKH |
||
| 082 | _a434 | ||
| 100 | _aLee, Quinlan B. | ||
| 245 |
_aLEGO DC Universe Super Heroes Phonics Book : _bWorkbook #1 / |
||
| 300 |
_a16 pages : _c18 cm |
||
| 505 | _aG | ||
| 520 | _aHelp your kids learn to read with Lego DC Super Heroes. Includes short and long vowel sounds: A, E, I, O, U. | ||
| 521 |
_a300 _bLexile estimate |
||
| 521 |
_aG _bRaz-Plus |
||
| 650 | _aSuper Heroes | ||
| 650 | _aBatman | ||
| 650 | _aSuperman | ||
| 700 |
_aWhite, Dave _eillustrator |
||
| 942 |
_2ddc _cBK _n0 |
||
| 999 |
_c2122 _d2122 |
||